Từ điển tam ngữ Việt-Anh-Pháp thực dụng

Bewaard in:
Bibliografische gegevens
Hoofdauteur: Nguyễn Châu Anh
Formaat: Boek
Taal:English
Gepubliceerd in: VHTT 2003
Onderwerpen:
Tags: Voeg label toe
Geen labels, Wees de eerste die dit record labelt!
Thư viện lưu trữ: Mạng thư viện Đại học Đà Nẵng
LEADER 01030nam a22003131a 4500
001 000033745
003 9935
005 20151022000000.0
008 151022s2003 vm 000 eng
041 |a eng 
082 |a 495.923  |b NG-A 
100 |a Nguyễn Châu Anh 
245 |a Từ điển tam ngữ Việt-Anh-Pháp thực dụng  |c Nguyễn Châu Anh 
260 |a VHTT  |c 2003 
300 |a 907tr. : mh ; 20 cm 
650 |a Nguyễn Châu Anh, Từ điển tam ngữ, Việt, Anh, Pháp 
852 |b Đọc  |c TỪ ĐIỂN 
OWN |a LNN 
AVA |a UDN50  |b LNN  |d 495.923 NG-A  |e available  |t Error 5001 Not defined in file expand_doc_bib_avail.  |f 3  |g 0  |h N  |i 0 
999 |a From the UDN01 
AVA |a UDN50  |b LNN  |d 495.923 NG-A  |e available  |t Error 5001 Not defined in file expand_doc_bib_avail.  |f 3  |g 0  |h N  |i 0 
TYP |a Monograph 
980 |a Mạng thư viện Đại học Đà Nẵng